| 000 | 00846nam a22002297a 4500 | ||
|---|---|---|---|
| 005 | 20180507121705.0 | ||
| 010 | _aENG-122895 | ||
| 020 |
_a9789387380066 _c500.00 |
||
| 035 | _aEN-106427 | ||
| 037 | _bDBAD/PUB | ||
| 082 | _a307.14120954 | ||
| 245 |
_aProceedings of the national seminar on rural infrastructure in india issues and prospects : _ced. by K.S. Lakshmi; Hemavathi Sekar; N. Padma [and] J. Sumitha Princess / _b24h & 25th November 2016 / |
||
| 260 |
_aNew Delhi _bAllied Publishers Private _c2017 |
||
| 270 |
_a1/13-14 Asaf Ali Road , Darya Ganj, _bNew Delhi _e110002 |
||
| 300 |
_axviii, 167p. _c24cm(Hb) _bill. |
||
| 500 | _aIt include author index | ||
| 700 | _aK.S. Lakshmi | ||
| 700 | _aHemavathi Sekar | ||
| 700 | _aN. Padma | ||
| 700 | _aJ. Sumitha Princess | ||
| 942 |
_2ddc _cEN _mPRO _h307.14120954 |
||
| 999 |
_c151903 _d151903 |
||